Statistics for Countries Closest to Antarctica - 30 Second Sprint

Click here to take the quiz!

General Stats

  • This quiz has been taken 66 times
  • The average score is 10 of 20

Answer Stats

kmcountrymiles% Correct
1108Chile688
92%
3856South Africa2396
92%
1023Argentina636
90%
2518Australia1564
86%
2484New Zealand1543
80%
3292Brazil2045
71%
3151Uruguay1958
69%
3978Paraguay2472
59%
4236Lesotho2632
53%
4523Bolivia2811
51%
5094Peru3165
51%
4597Swaziland2856
37%
4513Namibia2804
35%
4646Mozambique2887
31%
4513Madagascar2804
29%
4714Botswana2929
25%
5070Zimbabwe3151
18%
5576Malawi3465
16%
5052Mauritius3139
14%
5438Vanuatu3379
14%

Score Distribution

Percentile by Number Answered

Percent of People with Each Score

Your Score History

You have not taken this quiz